000 06009cam a2201969Mu 4500
003 PE-LiUPU
005 20250813165352.0
008 140705s2015 sp a r 000 0 spa d
020 _a8490229511
020 _a9788490229514
035 _a(Sirsi) i9788490229514
040 _aEBLCP
_bspa
_epn
_cEBLCP
_dOCLCQ
_dPE-LiUPU
_erda
041 1 _aspa
_heng
050 4 _aRT48.6 -- .N176 2013eb
082 0 4 _a610.7
_bN8
082 0 4 _a610.73
_bH41 2015
110 1 _aNANDA International, North American Nursing Diagnos.
245 1 0 _aDiagnósticos enfermeros :
_bdefiniciones y clasificación 2015-2017 /
_cEditado por T. Herdman y Shigemi Kamitsuro.
264 _aBarcelona :
_bElsevier,
_c[2015]
300 _a566 páginas :
_bilustraciones ;
_c21 centímetros
336 _atext
_2rdacontent
337 _aunmediated
_2rdamedia
338 _avolume
_2rdacarrier
505 0 _aCambios en la terminología NANDA Internacional -- Diagnósticos enfermeros -- Los diagnósticos enfermeros de NANDA Iternacional -- NANDA Internacional, INC 2015-2017.
526 _aP203
526 _aP200
526 _aSEG65
526 _aSEG64
526 _aSEG63
526 _aSEG62
526 _aSEG61
526 _aSEG60
526 _aSEG59
526 _aSEG58
526 _aSEG57
526 _aSEG56
526 _aSEG55
526 _aSEG54
526 _aSEG53
526 _aSEG52
526 _aSEG51
526 _aSEG50
526 _aSEG49
526 _aSEG48
526 _aSEG47
526 _aSEG46
526 _aSEG24
526 _aSEG23
526 _aSEG22
526 _aSEG21
526 _aSEG20
526 _aSEG19
526 _aSEG18
526 _aSEG17
526 _aSEG16
526 _aSEG14
526 _aSEG13
526 _aSEG12
526 _aSEG11
526 _aSEG10
526 _aSEG09
526 _aSEG06
526 _aSEG05
526 _aSEG04
526 _aSEG03
526 _aSEG02
526 _aSEG68
526 _aSEG66
526 _aSEG45
526 _aSEG25
526 _aSEG01
526 _aP163
526 _aP162
526 _aP161
526 _aP160
526 _aP159
526 _aP158
526 _aP157
526 _aP156
526 _aP155
526 _aP154
526 _aP153
526 _aP152
526 _aP151
526 _aP150
526 _aP149
526 _aP142
526 _aP141
526 _aP140
526 _aP139
526 _aP138
526 _aP137
526 _aP132
526 _aP131
526 _aP130
526 _aP126
526 _aP125
526 _aP124
526 _aP123
526 _aP115
526 _aP122
526 _aP121
526 _aP116
526 _a P114
526 _aP112
526 _aP111
526 _aP104
526 _aP103
526 _aP102
526 _aP101
526 _aP100
526 _aP96
526 _aP95
526 _aP93
526 _aP92
526 _aP91
526 _aP88
526 _aP83
526 _aP82
526 _aP79
526 _aP78
526 _aP75
526 _aP74
526 _aP71
526 _aP69
526 _a P51
526 _aP49
526 _aP48
526 _aP47
526 _aP33
526 _aP31
526 _a P30
526 _aP29
526 _aP27
526 _aP26
526 _aP25
526 _aP24
526 _a P22
526 _aP10
526 _aP09
526 _a P08
526 _aP06
526 _aP05
526 _aP04
526 _aP01
534 _pTitulo original :
_tNANDA international, nursing diagnoses: definitions & classification, 2015-2017.
541 _g001-003186;
541 _g001-000507;
650 4 _aDiagnóstico de enfermería.
650 4 _aTaxonomía.
700 1 _aHerdman, T. Heather,
_eaditor.
700 1 _aKamitsuro Shigemi,
_eeditor.
910 _ajck
_bebj
_cebj
_d20160720
942 _2ddc
_cBOOK
949 _a610.7 N8
_wDEWEY
_c1
_i74182
_d2016-11-4
_e2016-11-2
_lCCODEBUL1
_mBUL
_n11
_p44.00
_r0
_sY
_tBOOK
_u2016-7-20
_xSALUD
_PP22
_0COMPRA
_o.STAFF. Colección General
949 _a610.7 N8
_wDEWEY
_c2
_i74183
_d2016-11-28
_e2016-11-10
_lCCODEBUL1
_mBUL
_n16
_p44.00
_r0
_sY
_tBOOK
_u2016-7-20
_xSALUD
_PP22
_0COMPRA
_o.STAFF. Colección General
949 _a610.7 N8
_wDEWEY
_c3
_i74184
_d2016-11-22
_e2016-11-20
_lCCODEBUL1
_mBUL
_n19
_p44.00
_r0
_sY
_tBOOK
_u2016-7-20
_xSALUD
_PP22
_0COMPRA
_o.STAFF. Colección General
949 _a610.73 H41 2015
_wDEWEY
_c1
_iFJ01340
_lCCODEBUJ1
_mBUJ
_p100.00
_r0
_sY
_tBOOK
_u2016-8-1
_xSALUD
_PP22
_0COMPRA
_o.STAFF. Colección General Juliaca
949 _a610.73 H41 2015
_wDEWEY
_c2
_iFJ01341
_lCCODEBUJ1
_mBUJ
_p100.00
_r0
_sY
_tBOOK
_u2016-8-1
_xSALUD
_PP22
_0COMPRA
_o.STAFF. Colección General Juliaca
994 _aC0
_bPEPRU
596 _a1 3
999 _a610.7 N8
_wDEWEY
_c11358
_i74182
_d11358
_e2019-11-19
_f2021-11-3
_g6
_lCCODEBUL1
_mBUL
_n28
_p44.00
_q25
_r0
_sY
_tBOOK
_u2016-7-20
_xSALUD
_PP22
_0COMPRA
_o.STAFF. Colección Ciencias de la Salud
999 _a610.7 N8
_wDEWEY
_c2
_i74183
_d2022-4-27
_e2019-11-4
_f2021-11-3
_g5
_lCCODEBUL1
_mBUL
_n30
_p44.00
_q19
_r0
_sY
_tBOOK
_u2016-7-20
_xSALUD
_PP22
_0COMPRA
_o.STAFF. Colección Ciencias de la Salud
999 _a610.7 N8
_wDEWEY
_c3
_i74184
_d2019-11-20
_e2019-9-23
_f2021-11-3
_g4
_lCCODEBUL1
_mBUL
_n50
_p44.00
_q23
_r0
_sY
_tBOOK
_u2016-7-20
_xSALUD
_PP22
_0COMPRA
_o.STAFF. Colección Ciencias de la Salud
999 _a610.73 H41 2015
_wDEWEY
_c1
_iFJ01340
_d2019-9-6
_e2019-8-14
_f2022-1-25
_g4
_lCCODEBUJ1
_mBUJ
_n21
_p100.00
_q26
_r0
_sY
_tBOOK
_u2016-8-1
_xSALUD
_PP22
_0COMPRA
_o.STAFF. Colección General Juliaca
999 _a610.73 H41 2015
_wDEWEY
_c2
_iFJ01341
_d2019-10-3
_e2019-8-27
_f2022-1-25
_g4
_lCCODEBUJ1
_mBUJ
_n13
_p100.00
_q18
_r0
_sY
_tBOOK
_u2016-8-1
_xSALUD
_PP22
_0COMPRA
_o.STAFF. Colección General Juliaca
980 _81
_gALBERTO SANCHEZ Responsable de Automatización